A study on the conservation of foreign exchange by the national laboratories, (Record no. 73355)

MARC details
000 -LEADER
fixed length control field 00768cam a22002531 4500
001 - CONTROL NUMBER
control field sa 67002653
003 - CONTROL NUMBER IDENTIFIER
control field DLC
005 - DATE AND TIME OF LATEST TRANSACTION
control field 20260227112332.0
008 - FIXED-LENGTH DATA ELEMENTS--GENERAL INFORMATION
fixed length control field 861119s1966 ii f000 0 eng
010 ## - LIBRARY OF CONGRESS CONTROL NUMBER
LC control number sa 67002653
025 ## - OVERSEAS ACQUISITION NUMBER
Overseas acquisition number PL480:I-E-7081
035 ## - SYSTEM CONTROL NUMBER
System control number (OCoLC)14769037
040 ## - CATALOGING SOURCE
Original cataloging agency DLC
Transcribing agency WaU
Modifying agency WaU
-- DLC
043 ## - GEOGRAPHIC AREA CODE
Geographic area code a-ii---
050 00 - LIBRARY OF CONGRESS CALL NUMBER
Classification number HG3971
Item number .C5
082 ## - DEWEY DECIMAL CLASSIFICATION NUMBER
Classification number 332.4/5/0954
100 1# - MAIN ENTRY--PERSONAL NAME
Personal name Chowdhury, P. N.,
Dates associated with a name 1925-
245 12 - TITLE STATEMENT
Title A study on the conservation of foreign exchange by the national laboratories,
Statement of responsibility, etc. by P. N. Chowdhury.
260 ## - PUBLICATION, DISTRIBUTION, ETC.
Place of publication, distribution, etc. New Delhi,
Name of publisher, distributor, etc. Council of Scientific & Industrial Research
Date of publication, distribution, etc. [1966]
300 ## - PHYSICAL DESCRIPTION
Extent 15 p.
Dimensions 26 cm.
650 #0 - SUBJECT ADDED ENTRY--TOPICAL TERM
Topical term or geographic name entry element Foreign exchange
Geographic subdivision India.
650 #0 - SUBJECT ADDED ENTRY--TOPICAL TERM
Topical term or geographic name entry element Research
Geographic subdivision India.
650 #0 - SUBJECT ADDED ENTRY--TOPICAL TERM
Topical term or geographic name entry element Finance
General subdivision Research
Geographic subdivision India.

No items available.

Powered by Koha